[Event "New In Chess Classic"]
[Site "chess24.com INT"]
[Date "2021.04.27"]
[EventDate "2021.04.24"]
[Round "1.12"]
[Result "1/2-1/2"]
[White "Alireza Firouzja"]
[Black "Shakhriyar Mamedyarov"]
[WhiteElo "2759"]
[BlackElo "2770"]
[PlyCount "86"]

1. e4 e5 2. Nf3 Nc6 3. Bb5 a6 4. Ba4 Nf6 5. O-O Nxe4 6. d4 b5
7. Bb3 d5 8. dxe5 Be6 9. Be3 Be7 10. c3 Qd7 11. Re1 O-O
12. Nbd2 Rad8 13. Bc2 Bf5 14. h3 Rfe8 15. Nb3 Bg6 16. Nbd4
Nxd4 17. Nxd4 c5 18. Ne2 d4 19. cxd4 cxd4 20. Nxd4 Bb4 21. Rf1
Bc5 22. Nf3 Bxe3 23. fxe3 Qc7 24. Qc1 Ng3 25. Rf2 Rc8 26. Qe1
Bxc2 27. Rc1 Ne4 28. Rfxc2 Qxc2 29. Rxc2 Rxc2 30. Nd4 Rc5
31. e6 fxe6 32. Qa5 h5 33. Nf3 g5 34. Kf1 Rec8 35. Nd4 Rf8+
36. Ke2 e5 37. Qb6 Ng3+ 38. Kd3 e4+ 39. Kd2 Rf2+ 40. Kd1 Rf1+
41. Kd2 Rf2+ 42. Kd1 Rf1+ 43. Kd2 Rf2+ 1/2-1/2

[Event "New In Chess Classic"]
[Site "chess24.com INT"]
[Date "2021.04.27"]
[EventDate "2021.04.24"]
[Round "1.13"]
[Result "1/2-1/2"]
[White "Shakhriyar Mamedyarov"]
[Black "Alireza Firouzja"]
[WhiteElo "2770"]
[BlackElo "2759"]
[PlyCount "102"]

1. d4 Nf6 2. c4 e6 3. Nc3 Bb4 4. Nf3 O-O 5. Bg5 h6 6. Bh4 c5
7. Rc1 cxd4 8. Nxd4 d5 9. e3 Bxc3+ 10. bxc3 dxc4 11. Bxc4 e5
12. Nb5 Nc6 13. O-O Na5 14. Bxf6 Qxf6 15. Bd5 Bd7 16. c4 Bc6
17. Qa4 b6 18. Qa3 Rfd8 19. Rfd1 Rd7 20. Nc3 Rad8 21. h3 Qg6
22. e4 Bxd5 23. cxd5 Nc4 24. Qb4 Nd6 25. f3 f5 26. Re1 fxe4
27. Nxe4 Nf5 28. Rc6 Qf7 29. d6 Qd5 30. Rc7 Nxd6 31. Nf6+ gxf6
32. Qg4+ Kh8 33. Rxd7 Rg8 34. Qh4 Rg6 35. Kh1 Qxa2 36. Rg1 Nf5
37. Rd8+ Kh7 38. Rd7+ Kh8 39. Qe1 Qc4 40. g4 Ng7 41. Qe4 Qxe4
42. fxe4 Ne6 43. Rxa7 Ng5 44. Kg2 Nxe4 45. Rd1 Rg7 46. Ra8+
Kh7 47. Rdd8 f5 48. Rh8+ Kg6 49. Rab8 fxg4 50. Rxb6+ Nf6
51. hxg4 Kg5 1/2-1/2

[Event "New In Chess Classic"]
[Site "chess24.com INT"]
[Date "2021.04.27"]
[EventDate "2021.04.24"]
[Round "1.14"]
[Result "0-1"]
[White "Alireza Firouzja"]
[Black "Shakhriyar Mamedyarov"]
[WhiteElo "2759"]
[BlackElo "2770"]
[PlyCount "86"]

1. d4 Nf6 2. c4 e6 3. Nf3 d5 4. Nc3 c5 5. cxd5 Nxd5 6. e3 Nc6
7. Bd3 cxd4 8. exd4 Be7 9. O-O O-O 10. Re1 Bf6 11. Be4 h6
12. Bb1 Nde7 13. Qd3 Ng6 14. Be3 b6 15. Qe4 Bb7 16. Qg4 Nce7
17. Bc2 Rc8 18. Rad1 Bxf3 19. Qxf3 Nd5 20. Bc1 Nxc3 21. bxc3
Qd5 22. Be4 Qxa2 23. Bxh6 Nh4 24. Qg4 Nf5 25. Bd2 g6 26. g3
Nd6 27. Bd3 Qd5 28. h4 Bg7 29. Re2 e5 30. Bb1 exd4 31. cxd4
Qxd4 32. Qxd4 Bxd4 33. Bh6 Bg7 34. Bxg7 Kxg7 35. Bxg6 Nb5
36. Bf5 Rc5 37. g4 Nc3 38. Red2 Nxd1 39. Rxd1 Rxf5 40. gxf5
Rh8 41. Rd4 a5 42. Kg2 Ra8 43. f6+ Kg6 0-1

[Event "New In Chess Classic"]
[Site "chess24.com INT"]
[Date "2021.04.28"]
[EventDate "2021.04.24"]
[Round "1.21"]
[Result "0-1"]
[White "Alireza Firouzja"]
[Black "Shakhriyar Mamedyarov"]
[WhiteElo "2759"]
[BlackElo "2770"]
[PlyCount "46"]

1. d4 d5 2. Nf3 Nf6 3. Bf4 Bf5 4. c4 e6 5. Qb3 dxc4 6. Qxb7
Be4 7. Qxc7 Qxc7 8. Bxc7 Bb4+ 9. Nbd2 Nbd7 10. e3 Rc8 11. Bg3
Bd5 12. a3 Ba5 13. Rc1 Ke7 14. Kd1 Nb6 15. Ne5 Na4 16. Rc2
Nxb2+ 17. Rxb2 c3 18. Rb4 cxd2 19. f3 Rc1+ 20. Kxd2 Ra1
21. Kc2 Bxb4 22. axb4 Rc8+ 23. Kb2 Rcc1 0-1

[Event "New In Chess Classic"]
[Site "chess24.com INT"]
[Date "2021.04.28"]
[EventDate "2021.04.24"]
[Round "1.22"]
[Result "1/2-1/2"]
[White "Shakhriyar Mamedyarov"]
[Black "Alireza Firouzja"]
[WhiteElo "2770"]
[BlackElo "2759"]
[PlyCount "31"]

1. d4 Nf6 2. c4 c5 3. d5 b5 4. cxb5 a6 5. bxa6 g6 6. Nc3 Bg7
7. e4 O-O 8. Nf3 Qa5 9. Bd2 Bxa6 10. e5 Ng4 11. d6 exd6
12. Nd5 Qd8 13. Bg5 Qa5+ 14. Bd2 Qd8 15. Bg5 Qa5+ 16. Bd2
1/2-1/2

[Event "New In Chess Classic"]
[Site "chess24.com INT"]
[Date "2021.04.28"]
[EventDate "2021.04.24"]
[Round "1.23"]
[Result "0-1"]
[White "Alireza Firouzja"]
[Black "Shakhriyar Mamedyarov"]
[WhiteElo "2759"]
[BlackElo "2770"]
[PlyCount "72"]

1. c4 Nf6 2. Nf3 e6 3. b3 d5 4. Bb2 c5 5. g3 dxc4 6. bxc4 b6
7. Bg2 Bb7 8. Qc2 Be7 9. a3 Qc7 10. Nc3 Nc6 11. Nb5 Qd7 12. e3
O-O 13. d3 Rfd8 14. Rd1 a6 15. Nc3 b5 16. O-O b4 17. Na4 Rab8
18. h3 Ba8 19. Rd2 bxa3 20. Bxa3 Nb4 21. Bxb4 cxb4 22. Qb3 Qc7
23. d4 Ne4 24. Ra2 Bc6 25. Rfa1 Bf6 26. Nb2 Nxg3 27. Nd3 Nf5
28. Rxa6 Bxf3 29. Bxf3 Bxd4 30. exd4 Nxd4 31. Qd1 Qxc4 32. Ne5
Qc3 33. Bh5 g6 34. Ra7 Nc6 35. Nd7 Nxa7 36. Rxa7 Ra8 0-1

[Event "FTX Crypto Cup"]
[Site "chess24.com INT"]
[Date "2021.05.23"]
[EventDate "2021.05.23"]
[Round "1.2"]
[Result "1/2-1/2"]
[White "Fabiano Caruana"]
[Black "Alireza Firouzja"]
[WhiteElo "2820"]
[BlackElo "2759"]
[PlyCount "86"]

1. c4 f5 2. Nc3 Nf6 3. d3 e5 4. g3 Bc5 5. Bg2 d6 6. e3 Nc6
7. Nge2 a6 8. d4 Ba7 9. b4 O-O 10. b5 axb5 11. cxb5 Na5
12. dxe5 dxe5 13. Ba3 Qxd1+ 14. Rxd1 Re8 15. Bb4 Bb6 16. Nd5
Nxd5 17. Bxd5+ Be6 18. O-O Bxd5 19. Rxd5 Nc4 20. Nc3 c6
21. bxc6 bxc6 22. Rd7 c5 23. Rb1 Red8 24. Rxd8+ Rxd8 25. Ba3
Ba5 26. Nb5 Rb8 27. Bxc5 Nd2 28. Rb2 Bc3 29. Ba7 Rb7 30. Rc2
Nf3+ 31. Kf1 Rxb5 32. Rxc3 Rb1+ 33. Kg2 e4 34. Rc8+ Kf7
35. Rc7+ Kg6 36. h4 Kh6 37. Bc5 g6 38. Ba3 Rg1+ 39. Kh3 Rh1+
40. Kg2 Ra1 41. Kh3 Rh1+ 42. Kg2 Rg1+ 43. Kh3 Rh1+ 1/2-1/2

[Event "FTX Crypto Cup"]
[Site "chess24.com INT"]
[Date "2021.05.23"]
[EventDate "2021.05.23"]
[Round "3.3"]
[Result "0-1"]
[White "Shakhriyar Mamedyarov"]
[Black "Alireza Firouzja"]
[WhiteElo "2770"]
[BlackElo "2759"]
[PlyCount "84"]

1. Nf3 d5 2. g3 g6 3. c4 dxc4 4. Na3 Nc6 5. Nxc4 Bg7 6. d3 e5
7. Bd2 Nge7 8. Bg2 a5 9. O-O Be6 10. Rc1 O-O 11. Qa4 Qd7
12. Rfd1 f6 13. a3 Rfb8 14. Qb5 Nf5 15. Bc3 Qf7 16. e4 Nfe7
17. Nxa5 Na7 18. Qa4 b6 19. Nc4 b5 20. Ncxe5 fxe5 21. Qb4 Nac6
22. Qc5 Bg4 23. Nxe5 Bxe5 24. Bxe5 Bxd1 25. Rxd1 Nxe5 26. Qxe5
Rf8 27. f4 Rfd8 28. Rc1 Qg7 29. Qe6+ Kf8 30. e5 c6 31. Be4 Qf7
32. Qh3 Kg8 33. Rf1 Kh8 34. g4 Qe6 35. Kh1 Rd4 36. Qh6 Ng8
37. Qh4 Rf8 38. Qf2 Rfd8 39. Qh4 Rf8 40. b4 Rd7 41. Qg3 Rdf7
42. h3 Ne7 0-1

[Event "FTX Crypto Cup"]
[Site "chess24.com INT"]
[Date "2021.05.23"]
[EventDate "2021.05.23"]
[Round "5.4"]
[Result "1/2-1/2"]
[White "Wesley So"]
[Black "Alireza Firouzja"]
[WhiteElo "2770"]
[BlackElo "2759"]
[PlyCount "77"]

1. Nf3 d5 2. d4 Nf6 3. c4 e6 4. Nc3 Nbd7 5. Bg5 h6 6. Bh4 Be7
7. e3 O-O 8. Rc1 c5 9. cxd5 Nxd5 10. Bxe7 Nxe7 11. Be2 b6
12. O-O Bb7 13. dxc5 Nxc5 14. b4 Nd7 15. Nb5 Nf6 16. Qxd8
Rfxd8 17. Rc7 Bxf3 18. Bxf3 Ned5 19. Rxa7 Rxa7 20. Nxa7 Ra8
21. Nc6 Rxa2 22. h3 g5 23. Rc1 Rb2 24. Ra1 Nxb4 25. Ra8+ Kg7
26. Ne5 Ra2 27. Rb8 Ra7 28. Rxb6 Nbd5 29. Bxd5 Nxd5 30. Rb1
Rc7 31. Ra1 Ne7 32. g4 Ng6 33. Nxg6 Kxg6 34. Kg2 Kf6 35. Kf3
Kg6 36. Kg3 Kf6 37. Kf3 Kg6 38. Kg3 Kf6 39. Kf3 1/2-1/2

[Event "FTX Crypto Cup"]
[Site "chess24.com INT"]
[Date "2021.05.24"]
[EventDate "2021.05.23"]
[Round "6.5"]
[Result "1/2-1/2"]
[White "Alireza Firouzja"]
[Black "Maxime Vachier-Lagrave"]
[WhiteElo "2759"]
[BlackElo "2760"]
[PlyCount "66"]

1. e4 c5 2. Nf3 d6 3. Bb5+ Nd7 4. d4 cxd4 5. Nxd4 Nf6 6. O-O
e6 7. Re1 Be7 8. Bf1 O-O 9. c4 Re8 10. Nc3 Bf8 11. a4 Ne5
12. Bf4 Ng6 13. Bg3 a6 14. h3 b6 15. Qd2 Bb7 16. a5 bxa5
17. Nb3 Rb8 18. Nxa5 Ba8 19. Ra4 Qd7 20. c5 e5 21. Bxa6 dxc5
22. Qxd7 Nxd7 23. Bb5 Red8 24. Nc4 Nb6 25. Ra7 Nc8 26. Ra5 f6
27. f3 Nf4 28. Rea1 Bb7 29. Bf2 Ne6 30. Ba6 Bc6 31. Bb5 Bb7
32. Ba6 Bc6 33. Bb5 Bb7 1/2-1/2

[Event "FTX Crypto Cup"]
[Site "chess24.com INT"]
[Date "2021.05.24"]
[EventDate "2021.05.23"]
[Round "7.5"]
[Result "1-0"]
[White "Alan Pichot"]
[Black "Alireza Firouzja"]
[WhiteElo "2630"]
[BlackElo "2759"]
[PlyCount "111"]

1. e4 c6 2. Nf3 d5 3. d3 Bg4 4. h3 Bh5 5. Qe2 e6 6. g4 Bg6
7. h4 h5 8. Ne5 Bh7 9. g5 Bd6 10. Nxf7 Kxf7 11. Qxh5+ Kf8
12. Qg4 Bg6 13. h5 Bf7 14. Nc3 Nd7 15. f4 Ne7 16. Bd2 Qb6
17. O-O-O Ke8 18. g6 Bg8 19. Qg5 d4 20. Ne2 Rh6 21. e5 Bb4
22. Bxb4 Qxb4 23. a3 Qb6 24. Ng3 Nc5 25. Ne4 Na4 26. Nd6+ Kd7
27. Nc4 Qc5 28. Bh3 b5 29. b4 Qd5 30. Bg2 bxc4 31. Bxd5 cxd5
32. dxc4 Nc3 33. Rd3 Rf8 34. Rxc3 dxc3 35. Qg1 Nc8 36. cxd5
exd5 37. Rh3 Rxf4 38. Rxc3 Rxh5 39. Qc5 Rc4 40. Rxc4 Rh1+
41. Kb2 dxc4 42. Qb5+ Kd8 43. Qb7 Rh3 44. c3 Be6 45. Qxg7 Ne7
46. Qf6 Kd7 47. Qf2 Nc8 48. g7 Nb6 49. Qg2 Rd3 50. g8=Q Na4+
51. Kb1 Nxc3+ 52. Kc2 Bxg8 53. Qxg8 Nd5 54. Qg4+ Kd8 55. Qxc4
Rd1 56. Qh4+ 1-0

[Event "FTX Crypto Cup"]
[Site "chess24.com INT"]
[Date "2021.05.24"]
[EventDate "2021.05.23"]
[Round "8.4"]
[Result "0-1"]
[White "Alireza Firouzja"]
[Black "Anish Giri"]
[WhiteElo "2759"]
[BlackElo "2780"]
[PlyCount "80"]

1. e4 e5 2. Nf3 Nc6 3. Bc4 Nf6 4. d3 Bc5 5. Bg5 h6 6. Bh4 d6
7. a4 a5 8. c3 Qe7 9. O-O g5 10. Bg3 Bd7 11. Re1 Rg8 12. d4
Ba7 13. Na3 h5 14. h4 gxh4 15. Bxh4 O-O-O 16. Nc2 Rg4 17. Bb5
exd4 18. cxd4 Rdg8 19. Ne3 Rxh4 20. Nxh4 Nxe4 21. Nef5 Qg5
22. Qf3 d5 23. Rad1 Kb8 24. g3 Nxd4 25. Nxd4 Bxb5 26. Kh2 Bxa4
27. b3 Be8 28. Re2 Bb6 29. Ng2 Bd7 30. Qxf7 Bg4 31. Nf3 Qg7
32. Qxg7 Rxg7 33. Ngh4 Bxf2 34. Rxf2 Nxf2 35. Rxd5 b6 36. Nd4
Kb7 37. Ng2 Ne4 38. Re5 Nd2 39. Nf4 Rd7 40. Nb5 Nf3+ 0-1

[Event "FTX Crypto Cup"]
[Site "chess24.com INT"]
[Date "2021.05.25"]
[EventDate "2021.05.23"]
[Round "12.2"]
[Result "1/2-1/2"]
[White "Alireza Firouzja"]
[Black "Magnus Carlsen"]
[WhiteElo "2759"]
[BlackElo "2847"]
[PlyCount "88"]

1. e4 e5 2. Nf3 Nc6 3. Bb5 Nf6 4. d3 Bc5 5. Bxc6 dxc6 6. Nbd2
Nd7 7. Nc4 f6 8. c3 Nb6 9. Na5 O-O 10. O-O Rb8 11. b4 Bd6
12. Be3 Be6 13. Nd2 Qd7 14. Qc2 Nc8 15. a3 b6 16. Nab3 Ne7
17. f4 exf4 18. Bxf4 Ng6 19. Bxd6 cxd6 20. Nd4 d5 21. Rae1
Rfe8 22. Qd1 Rbd8 23. Qf3 dxe4 24. Nxe4 Bd5 25. Nf5 Bxe4
26. Rxe4 Rxe4 27. Qxe4 Qxd3 28. Qxc6 Qd7 29. Qc4+ Kh8 30. h4
Ne5 31. Qf4 Qf7 32. h5 h6 33. Nxh6 Qxh5 34. Nf5 Qg4 35. Qh2+
Kg8 36. Ne7+ Kf7 37. Qxe5 Rd2 38. Qh2 Kxe7 39. Qc7+ Qd7
40. Re1+ Kf7 41. Qc4+ Qd5 42. Qc7+ Qd7 43. Qc4+ Qd5 44. Qc7+
Qd7 1/2-1/2

[Event "FTX Crypto Cup"]
[Site "chess24.com INT"]
[Date "2021.05.25"]
[EventDate "2021.05.23"]
[Round "14.1"]
[Result "1-0"]
[White "Levon Aronian"]
[Black "Alireza Firouzja"]
[WhiteElo "2781"]
[BlackElo "2759"]
[PlyCount "103"]

1. d4 Nf6 2. c4 e6 3. Nf3 d5 4. Nc3 Nbd7 5. Qc2 dxc4 6. e4 c5
7. Bxc4 cxd4 8. Nxd4 Ne5 9. Bb5+ Bd7 10. Bf4 Ng6 11. Bg3 Bb4
12. O-O O-O 13. Rfd1 Bxc3 14. bxc3 Bxb5 15. Nxb5 Qb6 16. a4 e5
17. c4 Qc5 18. Kf1 Rfd8 19. f3 a6 20. Bf2 Qc6 21. Na3 Nf8
22. c5 Ne6 23. Nc4 Rxd1+ 24. Qxd1 Rd8 25. Qc1 Nd7 26. Na5 Qc7
27. Nxb7 Qxb7 28. c6 Qb3 29. cxd7 Qd3+ 30. Kg1 Rxd7 31. Qf1
Qd6 32. Be3 h5 33. h4 Nf8 34. a5 Ng6 35. g3 Rc7 36. Rc1 Rd7
37. Rc5 Qe6 38. Kg2 Qa2+ 39. Qf2 Qa3 40. Qe2 Rd3 41. Bf2 Kh7
42. Rc7 Qxa5 43. Rxf7 Rd2 44. Qe3 Qa2 45. Rf5 Qc2 46. Rxh5+
Kg8 47. Rg5 Kh7 48. h5 Nf8 49. Rxe5 Nd7 50. Re7 Nc5 51. Qg5
Rxf2+ 52. Kh3 1-0

[Event "FTX Crypto Cup"]
[Site "chess24.com INT"]
[Date "2021.05.25"]
[EventDate "2021.05.23"]
[Round "15.8"]
[Result "1/2-1/2"]
[White "Alireza Firouzja"]
[Black "Peter Svidler"]
[WhiteElo "2759"]
[BlackElo "2714"]
[PlyCount "151"]

1. Nf3 c5 2. c4 Nc6 3. Nc3 g6 4. e3 Nf6 5. d4 cxd4 6. exd4 d5
7. cxd5 Nxd5 8. Qb3 Nxc3 9. Bc4 e6 10. bxc3 Bd7 11. Be2 Na5
12. Qb1 Bg7 13. Ba3 Bf8 14. Bxf8 Kxf8 15. c4 Bc6 16. Qb4+ Kg7
17. O-O Rc8 18. Ne5 b6 19. Rad1 Qg5 20. g3 Rhd8 21. Qb2 Ba4
22. Rd2 Qe7 23. d5 f6 24. Ng4 Nxc4 25. Bxc4 Rxc4 26. d6 Qf7
27. Ne3 Rc5 28. Rc1 Rdc8 29. Re1 e5 30. f4 Re8 31. Rf2 Qd7
32. fxe5 Rcxe5 33. Rxf6 Qb5 34. Qd4 Qc5 35. Rf4 Qxd4 36. Rxd4
Bd7 37. Rc4 Rc5 38. Rxc5 bxc5 39. Rb1 Bc6 40. Nc4 Kf6 41. Na5
Bd5 42. Nb7 Bxb7 43. Rxb7 Rd8 44. Rxh7 Rxd6 45. Rxa7 Rd2
46. a4 Ra2 47. a5 c4 48. Rc7 Rxa5 49. Rxc4 Ra2 50. Rf4+ Kg7
51. Rf2 Ra4 52. Kg2 g5 53. Rb2 Kg6 54. Rb6+ Kg7 55. Kf3 Kf7
56. h3 Kg7 57. Re6 Kf7 58. Re4 Ra6 59. Rd4 Kg6 60. Ke4 Re6+
61. Kd3 Ra6 62. Rc4 Ra3+ 63. Rc3 Ra4 64. Ke3 Rb4 65. Rd3 Ra4
66. Rd6+ Kf5 67. g4+ Ke5 68. Rd3 Kf6 69. Rd6+ Ke5 70. Rh6 Ra3+
71. Kf2 Ra2+ 72. Kg3 Ra3+ 73. Kg2 Ra2+ 74. Kg3 Ra3+ 75. Kg2
Ra2+ 76. Kg3 1/2-1/2

[Event "Goldmoney Asian Rapid"]
[Site "chess24.com INT"]
[Date "2021.06.26"]
[EventDate "2021.06.26"]
[Round "1.6"]
[Result "1-0"]
[White "Alireza Firouzja"]
[Black "Magnus Carlsen"]
[WhiteElo "2759"]
[BlackElo "2847"]
[PlyCount "90"]

1. e4 e5 2. Nc3 Nf6 3. Bc4 Bc5 4. d3 d6 5. f4 Nc6 6. Nf3 a6 7. Bb3 h6 8. Qe2 Bg4
9. fxe5 dxe5 10. Be3 Nd4 11. Qf2 Bxf3 12. gxf3 Nh5 13. O-O-O Nf4 14. Kb1 Nxb3
15. Bxc5 Nxc5 16. Qxc5 Qd6 17. Qxd6 cxd6 18. d4 O-O-O 19. Rd2 Ne6 20. Ne2 Rhf8
21. d5 Ng5 22. Rd3 Nh3 23. Rc1 f5 24. c4 fxe4 25. fxe4 Rf2 26. Nc3 Rxh2 27. c5
Nf4 28. Rdd1 Kb8 29. c6 Rc8 30. Na4 Re2 31. Nb6 Rc7 32. Nd7+ Ka7 33. Rc4 h5 34.
Rg1 g6 35. a4 h4 36. b4 b6 37. b5 a5 38. Nxe5 h3 39. Rh1 Nxd5 40. Nxg6 Ne3 41.
Rc3 Ng4 42. Nf4 Rxe4 43. Nd5 Nf2 44. Nxc7 Nxh1 45. Rxh3 1-0

[Event "Goldmoney Asian Rapid"]
[Site "chess24.com INT"]
[Date "2021.06.26"]
[EventDate "2021.06.26"]
[Round "2.4"]
[Result "1-0"]
[White "Anish Giri"]
[Black "Alireza Firouzja"]
[WhiteElo "2780"]
[BlackElo "2759"]
[PlyCount "60"]

1. e4 c5 2. Nf3 Nc6 3. Bb5 e6 4. O-O Nge7 5. Re1 a6 6. Bf1 b6 7. Nc3 Bb7 8. d4
cxd4 9. Nxd4 Ng6 10. Nf5 d6 11. Nd5 Nce5 12. f4 exd5 13. exd5 Qd7 14. Qd3 Bc8
15. g4 h5 16. fxe5 dxe5 17. Bh3 Bc5+ 18. Kh1 Kf8 19. c4 hxg4 20. Bxg4 Qc7 21.
Qe4 Bxf5 22. Bxf5 Rh4 23. Qg2 Nf4 24. Bxf4 Rxf4 25. d6 Qd8 26. Rad1 Bd4 27. d7
Rb8 28. Rf1 Qf6 29. Rxf4 exf4 30. Qd5 1-0

[Event "Goldmoney Asian Rapid"]
[Site "chess24.com INT"]
[Date "2021.06.26"]
[EventDate "2021.06.26"]
[Round "3.5"]
[Result "0-1"]
[White "Alireza Firouzja"]
[Black "Jan-Krzysztof Duda"]
[WhiteElo "2759"]
[BlackElo "2729"]
[PlyCount "142"]

1. d4 Nf6 2. Bg5 Ne4 3. Bf4 c5 4. f3 Nf6 5. dxc5 Qa5+ 6. Nc3 Qxc5 7. e4 d6 8.
Qd2 g6 9. O-O-O Nbd7 10. Nge2 Bg7 11. Nd4 a6 12. g4 b5 13. g5 Nh5 14. Be3 Qc7
15. Nd5 Qb7 16. Nb3 e6 17. Na5 Qb8 18. Nf4 Qc7 19. Nxh5 gxh5 20. Nb3 Ne5 21.
Qxd6 Qxd6 22. Rxd6 Nxf3 23. Be2 Ne5 24. Rhd1 O-O 25. Bd4 h4 26. Nc5 b4 27. Rb6
a5 28. Rb5 Rd8 29. Bh5 Nd3+ 30. Rxd3 Rxd4 31. Rf3 Ra7 32. Rb8 Rd8 33. Nd3 Rf8
34. Rf4 Ba6 35. Rxf8+ Bxf8 36. Rxh4 Bd6 37. Be2 Rc7 38. h3 Bxd3 39. Bxd3 Rc5 40.
Rg4 Kg7 41. b3 Be5 42. Kd1 Kg6 43. Ke2 Bc7 44. h4 Kh5 45. Kf3 Be5 46. Bc4 a4 47.
Rg1 Kxh4 48. Rh1+ Kxg5 49. Rxh7 Kg6 50. Rh1 a3 51. Bd3 Kf6 52. Kg4 Rc8 53. Rf1+
Ke7 54. Rh1 Kd6 55. Kf3 Rg8 56. Rf1 Kc5 57. Ke3 Rg7 58. Be2 Rh7 59. Kd3 Bc3 60.
Bg4 Kd6 61. Bf3 Ke5 62. Rh1 Rg7 63. Ke3 Kd6 64. Kd3 Rg3 65. Ke2 Ke5 66. Kf2 Rg8
67. Ke3 Rd8 68. Rh5+ Kf6 69. Rh1 Bd2+ 70. Ke2 Bf4 71. Rd1 Rc8 0-1

[Event "Goldmoney Asian Rapid"]
[Site "chess24.com INT"]
[Date "2021.06.26"]
[EventDate "2021.06.26"]
[Round "5.4"]
[Result "0-1"]
[White "Alireza Firouzja"]
[Black "Vladislav Artemiev"]
[WhiteElo "2759"]
[BlackElo "2704"]
[PlyCount "76"]

1. e4 e5 2. Nf3 Nc6 3. Bc4 Bc5 4. d3 Nf6 5. Bg5 h6 6. Bh4 Be7 7. Bg3 d6 8. a4 a5
9. Nbd2 O-O 10. c3 g6 11. h3 Nh5 12. Bh2 Bg5 13. Nf1 Be6 14. Bxe6 fxe6 15. Nxg5
Qxg5 16. Ne3 Nf4 17. Bg3 Kg7 18. O-O Rf7 19. d4 Raf8 20. Qd2 Kh7 21. Rad1 exd4
22. cxd4 Nxd4 23. h4 Qh5 24. Kh2 Nfe2 25. f3 Nxg3 26. Kxg3 Qe5+ 27. Kf2 Rxf3+
28. gxf3 Nxf3 29. Ke2 Nxd2 30. Rxf8 Nxe4 31. Rf7+ Kg8 32. Rxc7 Qh5+ 33. Ke1
Qxh4+ 34. Ke2 Qh2+ 35. Kd3 Nf2+ 36. Kc4 Nxd1 37. Rc8+ Kf7 38. Rc7+ Ke8 0-1

[Event "Goldmoney Asian Rapid"]
[Site "chess24.com INT"]
[Date "2021.06.27"]
[EventDate "2021.06.26"]
[Round "6.6"]
[Result "0-1"]
[White "Baskaran Adhiban"]
[Black "Alireza Firouzja"]
[WhiteElo "2660"]
[BlackElo "2759"]
[PlyCount "94"]

1. d4 Nf6 2. c4 e6 3. Nc3 Bb4 4. e3 c5 5. a3 Bxc3+ 6. bxc3 b6 7. Bd3 Nc6 8. e4
d6 9. Ne2 O-O 10. Bg5 h6 11. Bh4 e5 12. f3 Re8 13. O-O g5 14. Bf2 Nh5 15. g3 Bh3
16. f4 Bxf1 17. Qxf1 Nf6 18. fxg5 Ng4 19. d5 Na5 20. gxh6 Qg5 21. Rd1 Qxh6 22.
h4 f5 23. Qh3 Nxf2 24. Kxf2 fxe4 25. Qg4+ Kh8 26. Qxe4 Rf8+ 27. Kg2 Rf6 28. Rf1
Rxf1 29. Kxf1 Rf8+ 30. Kg2 Nb3 31. Ng1 Nd2 32. Qg4 Rg8 33. Qe6 Qxe6 34. dxe6 e4
35. Be2 Rg6 36. Nh3 Rxe6 37. Nf4 Rf6 38. Kf2 Nb1 39. Ke3 Nxc3 40. Bg4 b5 41.
cxb5 d5 42. Bd7 d4+ 43. Kd2 c4 44. Bc6 e3+ 45. Kc2 Ne2 46. Nd5 Rf2 47. Kd1 Nxg3 0-1

[Event "Goldmoney Asian Rapid"]
[Site "chess24.com INT"]
[Date "2021.06.27"]
[EventDate "2021.06.26"]
[Round "7.3"]
[Result "0-1"]
[White "Alireza Firouzja"]
[Black "Ding Liren"]
[WhiteElo "2759"]
[BlackElo "2799"]
[PlyCount "72"]

1. d4 Nf6 2. Nf3 d5 3. Bf4 c5 4. e3 e6 5. Nbd2 Qb6 6. Rb1 Bd6 7. dxc5 Qxc5 8. b4
Qc7 9. Bxd6 Qxd6 10. c4 O-O 11. Be2 b6 12. cxd5 Nxd5 13. Nc4 Qe7 14. Qb3 Bb7 15.
O-O Nd7 16. Nd4 a6 17. Rfd1 Rac8 18. a4 Rc7 19. Bf1 Rfc8 20. e4 Nf4 21. f3 h5
22. Rb2 h4 23. Rbd2 Ng6 24. Nc2 h3 25. g3 Nde5 26. N2a3 Qf6 27. Rf2 b5 28. axb5
axb5 29. Nxe5 Nxe5 30. Nxb5 Rc1 31. Rxc1 Rxc1 32. Nd6 Qe7 33. Rd2 Ba6 34. b5
Qa7+ 35. Rf2 Qb6 36. Qa3 Rc2 0-1

[Event "Goldmoney Asian Rapid"]
[Site "chess24.com INT"]
[Date "2021.06.27"]
[EventDate "2021.06.26"]
[Round "8.7"]
[Result "0-1"]
[White "D Gukesh"]
[Black "Alireza Firouzja"]
[WhiteElo "2578"]
[BlackElo "2759"]
[PlyCount "46"]

1. d4 Nf6 2. c4 c5 3. d5 b5 4. cxb5 a6 5. bxa6 g6 6. Nc3 Bg7 7. e4 O-O 8. Nf3
Qa5 9. a7 Nxe4 10. axb8=Q Rxb8 11. Bd3 Nxc3 12. Qd2 Ra8 13. O-O Nxd5 14. Qg5 e6
15. Rd1 Bb7 16. Qg3 Qa4 17. Re1 Nb4 18. Bb1 Bxf3 19. Qxf3 Nc2 20. Re4 Nd4 21.
Qd3 d5 22. Rg4 c4 23. Qf1 Nc2 0-1

[Event "Goldmoney Asian Rapid"]
[Site "chess24.com INT"]
[Date "2021.06.27"]
[EventDate "2021.06.26"]
[Round "10.8"]
[Result "1/2-1/2"]
[White "Vidit Santosh Gujrathi"]
[Black "Alireza Firouzja"]
[WhiteElo "2726"]
[BlackElo "2759"]
[PlyCount "98"]

1. d4 f5 2. g3 Nf6 3. Bg2 e6 4. Nf3 d5 5. c4 c6 6. O-O Bd6 7. b3 Qe7 8. Bb2 b6
9. Qc1 Bb7 10. Ba3 Bxa3 11. Qxa3 Nbd7 12. Rc1 Qxa3 13. Nxa3 Ke7 14. e3 Rhc8 15.
Rc2 a5 16. Rac1 Ne4 17. Nb1 a4 18. cxd5 exd5 19. Nc3 axb3 20. axb3 Ra3 21. Nxe4
fxe4 22. Nd2 Rca8 23. f3 exf3 24. Bxf3 Nf6 25. Kg2 g5 26. g4 h5 27. gxh5 g4 28.
Be2 Rh8 29. Rf1 Rxh5 30. Rf4 Rg5 31. Bd3 c5 32. Rf5 Rxf5 33. Bxf5 c4 34. Kg3 b5
35. Bxg4 b4 36. bxc4 Rxe3+ 37. Bf3 b3 38. Nxb3 dxc4 39. Nd2 c3 40. Kf2 Rd3 41.
Ke2 Rxd2+ 42. Rxd2 Bxf3+ 43. Kxf3 cxd2 44. Ke2 Ne4 45. h4 Kf6 46. h5 Kg5 47. d5
Kxh5 48. d6 Nxd6 49. Kxd2 1/2-1/2

[Event "Goldmoney Asian Rapid"]
[Site "chess24.com INT"]
[Date "2021.06.28"]
[EventDate "2021.06.26"]
[Round "11.1"]
[Result "0-1"]
[White "Alireza Firouzja"]
[Black "Levon Aronian"]
[WhiteElo "2759"]
[BlackElo "2781"]
[PlyCount "60"]

1. e4 e5 2. Nc3 Nf6 3. Bc4 Nxe4 4. Qh5 Nd6 5. Bb3 Be7 6. Qxe5 O-O 7. d4 Nc6 8.
Qf4 Na5 9. Bd5 Ne8 10. Bf3 Bb4 11. d5 Bxc3+ 12. bxc3 b6 13. Ne2 Ba6 14. O-O Qf6
15. Qa4 Nd6 16. Qxd7 Rae8 17. Be3 Nac4 18. Bd4 Ne5 19. Qh3 Nxf3+ 20. gxf3 Qg5+
21. Kh1 Qxd5 22. Rg1 f6 23. Nf4 Qf5 24. Qh6 Rf7 25. Rg3 Qxc2 26. Nh5 Nf5 27.
Nxf6+ Rxf6 28. Rxg7+ Nxg7 29. Qxf6 Qg6 30. Rg1 Qxg1+ 0-1

[Event "Goldmoney Asian Rapid"]
[Site "chess24.com INT"]
[Date "2021.06.28"]
[EventDate "2021.06.26"]
[Round "12.8"]
[Result "1-0"]
[White "Alireza Firouzja"]
[Black "Yifan Hou"]
[WhiteElo "2759"]
[BlackElo "2658"]
[PlyCount "248"]

1. d4 e6 2. e4 d5 3. Nc3 Nf6 4. e5 Nfd7 5. f4 c5 6. Nf3 Nc6 7. Be3 a6 8. Qd2 b5
9. a3 Qa5 10. dxc5 b4 11. Na2 Nxc5 12. axb4 Nxb4 13. c3 Nb3 14. cxb4 Qa4 15. Qd1
Bd7 16. Kf2 Nxa1 17. Qxa1 Bxb4 18. Bd3 Be7 19. Qb1 Bb5 20. Bc2 Qc4 21. Nc3 Bc5
22. Bxc5 Qxc5+ 23. Kg3 h6 24. Qg1 Qxg1 25. Rxg1 Ke7 26. Nd4 Rhc8 27. Ra1 Bd7 28.
Kf3 Rab8 29. Ra2 Rb4 30. Ke3 a5 31. h4 a4 32. Bd3 Rcb8 33. Nd1 h5 34. Ra3 Rc8
35. Ra1 g6 36. Nc2 Rb3 37. Kd2 Rc7 38. Ra2 Rcb7 39. Nd4 R3b6 40. Ra3 Rc7 41. g3
Rb4 42. Ne2 d4 43. Nc1 Bc6 44. Bc2 Bb5 45. Na2 Rbc4 46. Bd3 R4c5 47. Nb4 Bxd3
48. Kxd3 Rc1 49. Nf2 Rb1 50. Rxa4 Rxb2 51. Ne4 Rb3+ 52. Kxd4 Rb7 53. Nd3 R3b5
54. Nf6 Rb8 55. Ke3 Rb3 56. Ne4 R8b5 57. Ra7+ Rb7 58. Ra8 Rb8 59. Ra4 R8b5 60.
Nf6 Rb8 61. Ke4 R3b5 62. Rc4 R5b7 63. Ke3 Rd8 64. Nb4 Kf8 65. Ne4 Rdb8 66. Nd3
Ra7 67. Nd6 Ra3 68. Ke4 Rbb3 69. Rd4 Ra7 70. Nc4 Rc7 71. Nd2 Rbb7 72. Ke3 Rd7
73. Rc4 Ra7 74. Rc3 Rdc7 75. Nc5 Ke7 76. Nde4 Ra5 77. Kd4 Rb5 78. Ra3 Rb4+ 79.
Ke3 Rb5 80. Nd3 Rb8 81. Nd6 Kf8 82. Nf2 Rb1 83. Nfe4 Ke7 84. Ng5 Rbc1 85. Ngxf7
R1c3+ 86. Rxc3 Rxc3+ 87. Kf2 Rc2+ 88. Kf3 Rc3+ 89. Kg2 Rc2+ 90. Kh3 Kf8 91. Ng5
Ke7 92. Nb5 Rc4 93. Nd6 Rc2 94. Nde4 Kd7 95. Nf7 Ke7 96. Nfd6 Kf8 97. Nb5 Ke7
98. Ng5 Rc4 99. Kg2 Kd7 100. Kf3 Rb4 101. Nc3 Rb3 102. Ne4 Ke7 103. Ke3 Rb4 104.
Ne2 Rb3+ 105. Kd2 Rb4 106. Kd3 Rb3+ 107. N4c3 Ra3 108. Nd4 Ra1 109. Ne4 Ra3+
110. Ke2 Ra2+ 111. Nd2 Ra1 112. N2f3 Ra2+ 113. Ke3 Ra3+ 114. Kf2 Ra2+ 115. Kf1
Ra3 116. Kg2 Ra4 117. Kh3 Rc4 118. g4 hxg4+ 119. Kxg4 Ra4 120. Kg5 Kf7 121. Kh6
Ra8 122. Ng5+ Ke7 123. Kg7 Ra1 124. Kxg6 1-0